000 00443nam a22001577a 4500
003 SISC
005 20160203152329.0
008 130903t xxu||||| |||| 00| 0 eng d
050 _aRT 37
_b.Am512 1956
082 _aHS 363.1
_b Am3 1956
245 _aAmerican red cross : life saving and water safety
260 _aNew York :
_bDoubleday & Company, Inc,
_cc1956.
300 _a309 p. :
_bill. ;
_c28 cm.
942 _2lcc
_cBK
999 _c10260
_d10260